Glitter n gold : (Record no. 130123)
[ view plain ]
| 000 -LEADER | |
|---|---|
| fixed length control field | 00874nam a22002657a 4500 |
| 003 - CONTROL NUMBER IDENTIFIER | |
| control field | dpl |
| 005 - DATE AND TIME OF LATEST TRANSACTION | |
| control field | 20190223150244.0 |
| 008 - FIXED-LENGTH DATA ELEMENTS--GENERAL INFORMATION | |
| fixed length control field | 180523b xxu||||| |||| 00| 0 eng d |
| 010 ## - LIBRARY OF CONGRESS CONTROL NUMBER | |
| LC control number | B-226881 |
| 020 ## - INTERNATIONAL STANDARD BOOK NUMBER | |
| Terms of availability | 150.00 |
| 035 ## - SYSTEM CONTROL NUMBER | |
| System control number | B-226881, B-226903, B-226891 ,B-226888,B-226905 |
| 037 ## - SOURCE OF ACQUISITION | |
| Source of stock number/acquisition | Cen Lib/Ret |
| 040 ## - CATALOGING SOURCE | |
| Original cataloging agency | DPL |
| Language of cataloging | EN |
| Transcribing agency | 0 |
| 082 ## - DEWEY DECIMAL CLASSIFICATION NUMBER | |
| Classification number | 959.1 |
| Item number | TIW |
| 100 ## - MAIN ENTRY--PERSONAL NAME | |
| Personal name | Tiwari, Arun K. |
| 9 (RLIN) | 104434 |
| 245 ## - TITLE STATEMENT | |
| Title | Glitter n gold : |
| Statement of responsibility, etc | by Arun K.Tiwari,U Kyi Thein [and] P Krishnam Raju |
| Remainder of title | positioning Myanmer in a globalized world / |
| 260 ## - PUBLICATION, DISTRIBUTION, ETC. (IMPRINT) | |
| Name of publisher, distributor, etc | Oceans Books |
| Date of publication, distribution, etc | 2005 |
| Place of publication, distribution, etc | New Delhi |
| 270 ## - ADDRESS | |
| Address | 4/19, Asaf Ali Road |
| City | New Delhi |
| Postal code | 110002 |
| 300 ## - PHYSICAL DESCRIPTION | |
| Extent | 102p. : |
| Dimensions | 20cm(Hb) |
| Other physical details | col.ill. |
| 650 ## - SUBJECT ADDED ENTRY--TOPICAL TERM | |
| Topical term or geographic name as entry element | Myanmar--History |
| 9 (RLIN) | 104435 |
| 650 ## - SUBJECT ADDED ENTRY--TOPICAL TERM | |
| Topical term or geographic name as entry element | Myanmar 2030 |
| 9 (RLIN) | 28350 |
| 700 ## - ADDED ENTRY--PERSONAL NAME | |
| Personal name | Thein, U Kyi |
| 9 (RLIN) | 28351 |
| 700 ## - ADDED ENTRY--PERSONAL NAME | |
| Personal name | P Krishnam Raju |
| 9 (RLIN) | 28352 |
| 942 ## - ADDED ENTRY ELEMENTS (KOHA) | |
| Source of classification or shelving scheme | Dewey Decimal Classification |
| Koha item type | English Books |
| Classification part | 959.1 |
| Call number suffix | TIW |
| Withdrawn status | Lost status | Damaged status | Not for loan | Home library | Current library | Date acquired | Source of acquisition | Cost, normal purchase price | Total Checkouts | Full call number | Barcode | Date last seen | Copy number | Cost, replacement price | Price effective from | Koha item type | Source of classification or shelving scheme | Collection code |
|---|---|---|---|---|---|---|---|---|---|---|---|---|---|---|---|---|---|---|
| Central Library | Central Library | 08/07/2015 | Cen Lib/Ret | 150.00 | 959.1 TIW | B-226881 | 08/07/2015 | 1 | 150.00 | 08/07/2015 | English Books | |||||||
| Patel Nagar | Patel Nagar | 01/07/2018 | BPPD/Pub | 150.00 | 959.1 TIW | B-226891 | 01/07/2018 | 1 | 150.00 | 01/07/2018 | English Books | Dewey Decimal Classification | Non-fiction | |||||
| Sarojini Nagar | Sarojini Nagar | 07/02/2019 | 959.1 TIW | B-226892 | 07/02/2019 | 07/02/2019 | English Books | Dewey Decimal Classification | Non-fiction | |||||||||
| Shahdara Branch | Shahdara Branch | 23/05/2018 | BPPD/PUB | 150.00 | 959.1 TIW | B-226903 | 23/05/2018 | 150.00 | 23/05/2018 | English Books | Dewey Decimal Classification | Non-fiction | ||||||
| Tri Nagar | Tri Nagar | 26/07/2018 | BPPD/pub | 150.00 | 959.1 TIW | B-226888 | 26/07/2018 | 150.00 | 26/07/2018 | English Books | Dewey Decimal Classification | Non-fiction | ||||||
| Vigyan Vihar | Vigyan Vihar | 23/02/2019 | BPPD/PUB | 150.00 | 959.1 TIW | B-226905 | 23/02/2019 | 150.00 | 23/02/2019 | English Books | Dewey Decimal Classification | Non-fiction |
